Eichmann á Jérusalem (Record no. 105070)

MARC details
000 -LEADER
campo de control de longitud fija 00910nam a2200265 i 4500
001 - NÚMERO DE CONTROL
campo de control 105070
003 - IDENTIFICADOR DE NÚMERO DE CONTROL
campo de control ES-MaACL
005 - FECHA Y HORA DE LA ÚLTIMA TRANSACCIÓN
campo de control 20260115063027.0
007 - CAMPO FIJO DE DESCRIPCIÓN FÍSICA--INFORMACIÓN GENERAL
campo de control de longitud fija t|
008 - DATOS DE LONGITUD FIJA--INFORMACIÓN GENERAL
campo de control de longitud fija 060609s1966 fr ||||1| fre d
080 ## - NÚMERO DE LA CLASIFICACIÓN DECIMAL UNIVERSAL
Número de la Clasificación Decimal Universal 929 Eichmann, Adolf
080 ## - NÚMERO DE LA CLASIFICACIÓN DECIMAL UNIVERSAL
Número de la Clasificación Decimal Universal 94(=411.16:4)"1939/45"
080 ## - NÚMERO DE LA CLASIFICACIÓN DECIMAL UNIVERSAL
Número de la Clasificación Decimal Universal 323.12(=411.16:430)"1933/45"
100 1# - ENTRADA PRINCIPAL--NOMBRE DE PERSONA
Nombre de persona Arendt, Hannah,
Fechas asociadas al nombre 1906-1975
9 (RLIN) 242687
245 10 - MENCIÓN DEL TÍTULO
Título Eichmann á Jérusalem
Resto del título : rapport sur la banalité du mal /
Mención de responsabilidad, etc. Hannah Arendt ; traduit de l'anglais par Anne Guérin.
260 ## - PUBLICACIÓN, DISTRIBUCIÓN, ETC.
Lugar de publicación, distribución, etc. Paris :
Nombre del editor, distribuidor, etc. Gallimard,
Fecha de publicación, distribución, etc. [1966]
300 ## - DESCRIPCIÓN FÍSICA
Extensión 335 p. ;
Dimensiones 21 cm.
500 ## - NOTA GENERAL
Nota general Biblioteca Jacinto Martínez Lacalle.
600 14 - PUNTO DE ACCESO ADICIONAL DE MATERIA--NOMBRE DE PERSONA
Nombre de persona Eichmann, Adolf.
9 (RLIN) 46812
650 14 - PUNTO DE ACCESO ADICIONAL DE MATERIA--TÉRMINO DE MATERIA
Término de materia o nombre geográfico como elemento de entrada Judíos-
Subdivisión geográfica España-
Subdivisión cronológica 1939-1945.
9 (RLIN) 13984
650 14 - PUNTO DE ACCESO ADICIONAL DE MATERIA--TÉRMINO DE MATERIA
Término de materia o nombre geográfico como elemento de entrada Antisemitismo-
Subdivisión geográfica Alemania-
Subdivisión cronológica 1933-1945.
9 (RLIN) 9859
700 1# - ENTRADA AGREGADA--NOMBRE PERSONAL
Nombre de persona Guérin, Anne.
9 (RLIN) 60463
852 ## - LOCALIZACIÓN
Ubicación ES-MaACL
Número de control de estantería E-11257
Sublocalización o colección R.139144
Holdings
Estatus retirado Estado de pérdida Estado de daño No para préstamo Biblioteca de origen Biblioteca actual Ubicación en estantería Fecha de adquisición Fuente de adquisición Total de préstamos Signatura topográfica completa Código de barras Visto por última vez Precio de reemplazo Tipo de ítem Koha
        Biblioteca del Ateneo de Madrid Biblioteca del Ateneo de Madrid Depósito 2 17/01/2008     E-11257 1109697 23/02/2023 23/02/2023 Libro impreso